| 000 | 00787nam a22001817a 4500 | ||
|---|---|---|---|
| 999 |
_c372097 _d372097 |
||
| 008 | 201127b ||||| |||| 00| 0 eng d | ||
| 040 |
_aDE-2950 _bger _cDE-2950 _erda |
||
| 041 | _ager | ||
| 245 |
_a"Mund abputzen und weitermachen" _bInterview. Lothar Bölck begeht sein 40-jähriges Bühnenjubiläum und demnächst auch seinen 70. Geburtstag. Der Frankfurter Kabarettist und Autor spricht über politische Satire und die "Oderhähne"/ _cKarin Sandow |
||
| 264 | _c2022 | ||
| 653 | _aFrankfurt (Oder) | ||
| 653 | _aLothar Bölck | ||
| 773 |
_dFrankfurt (Oder) Märkisches Verlags- und Druckhaus GmbH & Co KG _tMärkische Oderzeitung _g34. Jahrgang (2023) Nr. 5 vom 06.01.2023, S. 20, mit Foto |
||
| 942 | _cA | ||